| 000 | 00559nam a2200181 a 4500 | ||
|---|---|---|---|
| 001 | 0787 | ||
| 005 | 20140414131858.0 | ||
| 008 | 040929s19uu xx 00 eng d | ||
| 020 | _a971-508-012-X | ||
| 050 |
_aFIL _bG97 1995 |
||
| 100 | _aAlmario, Virgilio S. | ||
| 245 |
_aGusto ko ng buwan at bituin : _cby Virgilio S. Almario ; illustrated by Joanne de Leon. _bI want the moon and the stars / |
||
| 260 |
_aManila : _bAklat Adarna, _c1995. |
||
| 300 | _ap. : ill. ; cm. | ||
| 650 |
_aPlanets _xFiction. |
||
| 650 | _aChildren stories. | ||
| 999 |
_c110545 _d110545 |
||